Books to Authors - Statistics

General Stats
  • This quiz has been taken 359 times
  • The average score is 11 of 14
Answer Stats
Books Author % Correct
Harry Potter and the Goblet of Fire J.K.Rowling
99%
Lord of the Rings J.R.R.Tolkien
95%
Frankenstein Mary Shelley
95%
Jane Eyre Charlotte Brontë
91%
Murder on the Orient Express Agatha Christie
87%
Da Vinci Code Dan Brown
83%
Of Mice and Men John Steinbeck
83%
The Old Man and the Sea Ernest Hemingway
81%
Little Women Louisa May Alcott
81%
Mrs Dalloway Virginia Woolf
65%
Uncle Tom's Cabin Harriet Beecher Stowe
62%
Breakfast at Tiffany's Truman Capote
62%
Slaughterhouse-Five Kurt Vonnegut
61%
White Teeth Zadie Smith
30%
No matching quizzes found
Score Distribution
Percent of People with Each Score
Percentile by Number Answered
Your Score History
You have not taken this quiz